| 000 | 01455cam a2200397 a 4500 | ||
|---|---|---|---|
| 999 |
_c2440 _d2440 |
||
| 001 | 646278 | ||
| 003 | OSt | ||
| 005 | 20230601095408.0 | ||
| 008 | 150925s2011 nyua c 000 j eng d | ||
| 020 |
_a9780545307437 _q(pbk.) : |
||
| 040 |
_aTWTCL _beng _cTWTCL _eaacr _dKH8 |
||
| 041 | 0 | _aeng | |
| 042 | _anbic | ||
| 082 | 0 | _aFIC STI | |
| 100 | 1 |
_aStilton, Geronimo, _d1984- _eAuthor |
|
| 245 | 1 | 0 |
_aCreepella Von Cacklefur : _bMeet me in Horrorwood / _c[text by Geronimo Stilton ; illustrations by Ivan Bigarella (pencils and inks) and Giorgio Campioni (color) ; translated by Lidia Tramontozzi] |
| 246 | 1 |
_iAt head of title : _aGeronimo Stilton. |
|
| 246 | 3 | 0 | _aMeet me in Horrorwood. |
| 260 |
_aNew York : _bScholastic Inc., _cc2011. |
||
| 300 |
_a112 p. : _bcol. ill. ; _c20 cm. |
||
| 490 | 1 | _aReady-to-go classroom library. Grade 3. | |
| 490 | 1 |
_aCreepella Von Cacklefur ; _v2. |
|
| 500 | _aOriginal title: Mistero a Castelteschio. | ||
| 500 | _a"English translation ... by Atlantyca S.p.A."--T.p. verso. | ||
| 500 | _a"2" -- spine. | ||
| 650 | 0 | _aReaders (Primary) | |
| 650 | 0 |
_aWomen journalists _vFiction. |
|
| 650 | 0 |
_aMice _xFiction. |
|
| 650 | 0 |
_aMonsters _xFiction. |
|
| 700 | 1 |
_aBigarella, Ivan. _eIllustrator |
|
| 700 | 1 |
_aCampioni, Giorgio. _eIllustrator |
|
| 700 | 1 |
_aTramontozzi, Lidia. _eIllustrator |
|
| 830 | 0 |
_aReady-to-go classroom library. _pGrade 3. |
|
| 830 | 0 | _aCreepella Von Cacklefur. | |
| 942 |
_2ddc _cFIC |
||